Revista Universitaria : (Record no. 21705)

000 -CABECERA
fixed length control field 01664nam a22002537a 4500
003 - IDENTIFICADOR DEL NÚMERO DE CONTROL
control field AR-CdUCM
008 - DATOS DE LONGITUD FIJA--INFORMACIÓN GENERAL
fixed length control field 190425b ||||| |||| 00| 0 spa d
040 ## - FUENTE DE LA CATALOGACIÓN
Agencia/entidad que catalogó originalmente la obra MUNICIPALIDAD PROVINCIAL DEL CUSCO
Entidad que transcribió la catalogación BIBLIOTECA MUNICIPAL DEL CUSCO
082 ## - NÚMERO DE LA CLASIFICACIÓN DECIMAL DEWEY
No. de Clasificación Rev.Univ/N°35/1921
Notacion interna Rev.Univ/N°35/1921
110 ## - ENTRADA PRINCIPAL--NOMBRE DE ENTIDAD CORPORATIVA
Nombre de la institución, jurisdicción como entrada principal Universidad Nacional de San Antonio Abad del Cusco
9 (RLIN) 15942
245 ## - MENCIÓN DE TÍTULO
Título Revista Universitaria :
Resto del título Órgano de la Universidad del Cuzco /
260 ## - PUBLICACIÓN, DISTRIBUCIÓN, ETC.
Lugar de publicación, distribución, etc. Cusco :
Nombre de la editorial, distribuidor, etc. El Comercio,
Fecha de publicación, distribución, etc. agosto 1921.
300 ## - DESCRIPCIÓN FÍSICA
Nº de Páginas Extensión 136 páginas. :
Dimensiones 20 cm.
440 ## - MENCIÓN DE SERIE/PUNTO DE ACCESO ADICIONAL--TÍTULO
Título Revista Universitaria
Número de la parte/sección de una obra Año X, agosto 1921, N°35
9 (RLIN) 45816
505 ## - NOTA DE CONTENIDO CON FORMATO
Nota de contenido formateada Contenido: Ante la Patria, redacción. -- El Cuzco meca del Turismo. Alberto A. Giesecke. -- El barrio incaico de Ccolccampata. José Gabriel Cosio. -- Apuntes para un estudio de Arqueología regional. Antonio Lorena. -- Tiahuanacu. Ollantaytambo. Cuzco. Luis E. Valcárcel. -- Plantas alimenticias indígenas cultivadas en el Departamento. Fortunato L. Herrera. -- La Universidad del Cuzco ante el problema indígena. Félix Cosio. -- El Museo Arqueológico de la Universidad del Cuzco. El Escudo del Cuzco títulos y cedulas. -- Monografía agrícola del Departamento. Federico Ponce de León. -- El Ccoricancha monografía arqueológica. Guillermo Lazo. -- El Cuzco Incaico. Uriel García. -- El doctor Rowe miembro de la Universidad del Cuzco.
650 ## - PUNTO DE ACCESO ADICIONAL DE MATERIA--TÉRMINO DE MATERIA
Descriptor Arqueología cusqueña
9 (RLIN) 9322
650 ## - PUNTO DE ACCESO ADICIONAL DE MATERIA--TÉRMINO DE MATERIA
Descriptor Turismo cusqueño
9 (RLIN) 45817
650 ## - PUNTO DE ACCESO ADICIONAL DE MATERIA--TÉRMINO DE MATERIA
Descriptor Escudo del Cusco
9 (RLIN) 45818
650 ## - PUNTO DE ACCESO ADICIONAL DE MATERIA--TÉRMINO DE MATERIA
Descriptor Qorikancha
9 (RLIN) 30993
650 ## - PUNTO DE ACCESO ADICIONAL DE MATERIA--TÉRMINO DE MATERIA
Descriptor Qolqampata
9 (RLIN) 45819
710 ## - PUNTO DE ACCESO ADICIONAL--NOMBRE DE ENTIDAD CORPORATIVA
Nombre corporativo (En letras Mayúsculas) Universidad Nacional de San Antonio Abad del Cusco
9 (RLIN) 15942
942 ## - ELEMENTOS DE PUNTO DE ACCESO ADICIONAL (KOHA)
Fuente de clasificación
Tipo de item Revistas cusqueñas
945 ## - PROCESAMIENTO DE INFORMACIÓN LOCAL (OCLC)
Catalogador rac
Holdings
Estado de retiro (separado) Fuente de clasificación o esquema de estanterías Estado dañado Ubicación Sala donde se ubica Nombre de la colección Fecha de adquisición o compra Costo, precio normal en soles Signatura topográfica Código de Barras Última vez visto (Koha) Tipo de ítem (Koha)
No     Sala Hemeroteca Sala Hemeroteca Book Cart 2021-04-14 10.00 Rev.Univ/N°35/1921 REVC000032 2021-04-14 Revistas cusqueñas

Powered by Koha